Normal view
MARC view
Entry Personal Name
001 - CONTROL NUMBER
- control field: 1233469
003 - CONTROL NUMBER IDENTIFIER
- control field: OSt
005 - DATE AND TIME OF LATEST TRANSACTION
- control field: 20260401122406.0
008 - FIXED-LENGTH DATA ELEMENTS
- fixed length control field: 260401|| aca||aabn | a|a d
040 ## - CATALOGING SOURCE
- Original cataloging agency: OSt
- Transcribing agency: OSt
100 ## - HEADING--PERSONAL NAME
- Personal name: Durant, Will | Durant, Ariel
670 ## - SOURCE DATA FOUND
- Source citation: Work cat.: (OSt)1846969: Durant, Will | Durant, Ariel, Story of Civilization: Rousseau and Revolution-History of civilization in France, England, and Germany From 1756, and in the Remainder of Europe From 1715, to 1789, 1967
